000 00716nam a2200289Ia 4500
005 20260324145417.0
008 008 260324s9999 xx 000 0 eng d
020 _a9781315136356
037 _aEBOOK
040 _aCRL
040 _beng
040 _cCRL
041 _2eng
041 _aeng
084 _qCRL
100 _aD.A. Adamson; MIchael A.J. Williams
_91222874
245 2 _aA Land Between Two Niles
245 0 _bQuaternary geology and biology of the Central Sudan
260 _bTaylor and Francis
260 _c1982
365 _a
365 _b370
856 _uhttp://www.taylorfrancis.com/books/9781315136356
942 _cEBOOK
999 _c1830734
_d1830734